| 000 | 00388cam a2200157ua 4500 | ||
|---|---|---|---|
| 041 |
_aeng _h |
||
| 082 |
_a828.09 _bBER/BR |
||
| 100 | _aBerdoe, Edward . | ||
| 245 |
_aBrowning cyclopaedia / _cEdward berdoe. _hTextual Documents |
||
| 250 |
_a1 / _b. |
||
| 260 |
_aLondon : _bGeorge Allen & Unwin Ltd , _c1964. |
||
| 300 | _a377 ; . | ||
| 504 | _a | ||
| 942 | _cBK | ||
| 999 |
_c6467 _d6467 |
||